Giáo trình tư tưởng Hồ Chí Minh
Nội dung giáo trình gồm: tư tưởng Hồ Chí Minh về vấn đề dân tộc và cách mạng, chủ nghĩa xã hội con đường quá độ lên chủ nghĩa xã hội ở Việt Nam, tư tưởng về đạo đức, về chăm lo bồi dưỡng thế hệ cách mạng cho đời sau....
Sparad:
| Institutionell upphovsman: | |
|---|---|
| Materialtyp: | Bok |
| Språk: | Undetermined |
| Publicerad: |
Hà Nội
Chính trị Quốc gia
2006
|
| Ämnen: | |
| Taggar: |
Lägg till en tagg
Inga taggar, Lägg till första taggen!
|
| Thư viện lưu trữ: | Trung tâm Học liệu Trường Đại học Cần Thơ |
|---|
| LEADER | 00994nam a2200205Ia 4500 | ||
|---|---|---|---|
| 001 | CTU_206419 | ||
| 008 | 210402s9999 xx 000 0 und d | ||
| 082 | |a 335.4346 | ||
| 082 | |b B450 | ||
| 110 | |a Bộ giáo dục và đào tạo | ||
| 245 | 0 | |a Giáo trình tư tưởng Hồ Chí Minh | |
| 245 | 0 | |c Bộ giáo dục và đào tạo | |
| 260 | |a Hà Nội | ||
| 260 | |b Chính trị Quốc gia | ||
| 260 | |c 2006 | ||
| 520 | |a Nội dung giáo trình gồm: tư tưởng Hồ Chí Minh về vấn đề dân tộc và cách mạng, chủ nghĩa xã hội con đường quá độ lên chủ nghĩa xã hội ở Việt Nam, tư tưởng về đạo đức, về chăm lo bồi dưỡng thế hệ cách mạng cho đời sau. | ||
| 650 | |a Hồ Chí Minh,Ho Chi Minh | ||
| 650 | |x Tư tưởng,Influence | ||
| 904 | |i Tuyến | ||
| 980 | |a Trung tâm Học liệu Trường Đại học Cần Thơ | ||